Introducción al estudio de las velocidades de diseño para Costa Rica en un modelo estático de cargas de viento
Na minha lista:
| Autor principal: | |
|---|---|
| Formato: | Desconhecido |
| Publicado em: |
[San José : Costa Rica]
1982
|
| Assuntos: | |
| Tags: |
Adicionar Tag
Sem tags, seja o primeiro a adicionar uma tag!
|
MARC
| LEADER | 00000 a2200000 4500 | ||
|---|---|---|---|
| 003 | 001784 | ||
| 005 | 20221231143749.0 | ||
| 008 | 140114s1982 cr a m 000 ||s d | ||
| 040 | |c cru CEDI | ||
| 090 | |a TFG 1209 | ||
| 100 | |a Behrens Metger, Manfred |9 15517 | ||
| 245 | |a Introducción al estudio de las velocidades de diseño para Costa Rica en un modelo estático de cargas de viento | ||
| 260 | |c 1982 |a [San José : Costa Rica] | ||
| 300 | |a ii, 61 hojas : ilustraciones ; 27 cm | ||
| 500 | |a Proyecto de graduación (licenciatura en ingeniería civil)--Universidad de Costa Rica. Facultad de Ingeniería. Escuela de Ingeniería Civil | ||
| 650 | |x TEORIA DE LAS ESTRUCTURAS |x VIENTOS - VELOCIDAD |9 15518 | ||
| 942 | |c TFG | ||
| 999 | |c 11446 |d 11446 | ||
